[Event "Titled Tuesday intern op 06th Feb Early"]
[Site "Chess.com INT"]
[Date "2024.02.06"]
[Round "9"]
[White "Piliczewski, Bogusz"]
[Black "Mikhaylova, Irina"]
[Result "1/2-1/2"]
[WhiteElo "1796"]
[BlackElo "2169"]
[PlyCount "86"]
[EventDate "2024.02.06"]
[EventType "swiss (blitz)"]
[EventRounds "11"]
[EventCountry "USA"]
[SourceTitle "CB07_2024"]
[SourceDate "2024.02.14"]
[SourceVersion "1"]
[SourceVersionDate "2024.02.14"]
[SourceQuality "1"]

1. d4 Nf6 2. Bf4 g6 3. Nc3 Bg7 4. e4 d6 5. Qd2 Nc6 6. 0-0-0 0-0 7. Bh6 e5 8. d5 Ne7 9. h4 Bxh6 10. Qxh6 Ng4 11. Qd2 h5 12. f3 Nf6 13. Be2 Kg7 14. Nh3 Bxh3 15. Rxh3 c6 16. dxc6 Nxc6 17. Qxd6 Qa5 18. Nd5 Nxd5 19. Qxd5 Qb6 20. Qb3 Qc5 21. g4 Nd4 22. Qd3 Rac8 23. c3 Ne6 24. Qd2 Nf4 25. Rh2 Rfd8 26. Qxd8 Rxd8 27. Rxd8 Qe3+ 28. Kc2 Nxe2 29. Rd2 Nd4+ 30. cxd4 exd4 31. Rhf2 d3+ 32. Kc3 hxg4 33. fxg4 Qxe4 34. Rxd3 Qxg4 35. Rff3 Qxh4 36. b3 Qe4 37. Rfe3 Qf5 38. a4 a5 39. Rd4 Qf6 40. Kd3 Qf5+ 41. Kc3 Qf6 42. Kd3 Qb6 43. Kc3 Qf6 1/2-1/2

[Event "Titled Tuesday intern op 06th Feb Late"]
[Site "Chess.com INT"]
[Date "2024.02.06"]
[Round "9"]
[White "Vargas, Mauricio"]
[Black "Piliczewski, Bogusz"]
[Result "0-1"]
[WhiteElo "1957"]
[BlackElo "1796"]
[PlyCount "64"]
[EventDate "2024.02.06"]
[EventType "swiss (blitz)"]
[EventRounds "11"]
[EventCountry "USA"]
[SourceTitle "CB07_2024"]
[SourceDate "2024.02.14"]
[SourceVersion "1"]
[SourceVersionDate "2024.02.14"]
[SourceQuality "1"]

1. e4 e6 2. f4 d5 3. e5 c5 4. Nf3 Nc6 5. Bb5 Bd7 6. Bxc6 Bxc6 7. 0-0 d4 8. d3 Ne7 9. g4 Nd5 10. h3 h6 11. Qe1 Be7 12. a3 Qb6 13. Rf2 0-0-0 14. Nbd2 Ne3 15. Nc4 Nxc4 16. dxc4 Bxf3 17. Rxf3 Qc6 18. Qf1 f5 19. exf6 Bxf6 20. Rb1 Rhe8 21. b4 e5 22. fxe5 Rxe5 23. Bf4 Re4 24. Bh2 Rde8 25. Rf2 b6 26. bxc5 Qxc5 27. a4 Re3 28. Qg2 Re1+ 29. Rxe1 Rxe1+ 30. Rf1 d3+ 31. Kh1 Rxf1+ 32. Qxf1 dxc2 0-1

[Event "Titled Tuesday intern op 05th Sep Late"]
[Site "Chess.com INT"]
[Date "2023.09.05"]
[Round "6"]
[White "Mesquita, Eduardo Barbosa"]
[Black "Piliczewski, Bogusz"]
[Result "1-0"]
[WhiteElo "2008"]
[BlackElo "1796"]
[PlyCount "57"]
[EventDate "2023.09.05"]
[EventType "swiss (blitz)"]
[EventRounds "11"]
[EventCountry "USA"]
[SourceTitle "EXT 2024"]
[Source "ChessBase"]
[SourceDate "2023.10.10"]
[SourceVersion "1"]
[SourceVersionDate "2023.10.10"]
[SourceQuality "1"]

1. e4 e6 2. Nf3 d5 3. e5 c5 4. b4 cxb4 5. a3 bxa3 6. d4 Nc6 7. c3 a6 8. Nxa3 Bd7 9. Bd3 Na5 10. 0-0 Rc8 11. Qe2 Rxc3 12. Bd2 Rxa3 13. Rxa3 Bxa3 14. Ra1 Be7 15. Bxa5 Qc8 16. Bd2 Nh6 17. h4 Nf5 18. Ng5 h6 19. Nf3 Nxh4 20. Nxh4 Bxh4 21. Qg4 Bg5 22. f4 f5 23. Qh5+ Ke7 24. Rc1 Qe8 25. Bb4+ Kd8 26. Ba5+ Ke7 27. Bb4+ Kd8 28. Qf3 Be7 29. Ba5+ 1-0

[Event "Titled Tuesday intern op 05th Sep Late"]
[Site "Chess.com INT"]
[Date "2023.09.05"]
[Round "2"]
[White "Piliczewski, Bogusz"]
[Black "Smieszek, Wojciech"]
[Result "0-1"]
[WhiteElo "1796"]
[BlackElo "2118"]
[PlyCount "62"]
[EventDate "2023.09.05"]
[EventType "swiss (blitz)"]
[EventRounds "11"]
[EventCountry "USA"]
[SourceTitle "EXT 2024"]
[Source "ChessBase"]
[SourceDate "2023.10.10"]
[SourceVersion "1"]
[SourceVersionDate "2023.10.10"]
[SourceQuality "1"]

1. d4 Nf6 2. Nf3 c5 3. c3 g6 4. Bf4 Bg7 5. e3 b6 6. Be2 0-0 7. 0-0 Bb7 8. Nbd2 d6 9. h3 Nbd7 10. Qb3 Rc8 11. Rad1 Ne4 12. Nxe4 Bxe4 13. Ng5 Bb7 14. Bc4 Qe8 15. Rfe1 h6 16. Nxf7 Rxf7 17. Be6 Ba6 18. Qc2 Kh7 19. Bxf7 Qxf7 20. h4 Qf5 21. Qa4 Bb7 22. e4 Qxf4 23. Qxd7 Rf8 24. f3 Bc8 25. Qxe7 Rf7 26. Qe8 Bd7 27. Qb8 Qg3 28. Qd8 Bh3 29. Re2 Rxf3 30. Kh1 Rf8 31. e5 Rxd8 0-1

[Event "Titled Tuesday intern op 05th Sep Late"]
[Site "Chess.com INT"]
[Date "2023.09.05"]
[Round "7"]
[White "Piliczewski, Bogusz"]
[Black "Sultanbek, Zeinep"]
[Result "0-1"]
[WhiteElo "1796"]
[BlackElo "2022"]
[PlyCount "74"]
[EventDate "2023.09.05"]
[EventType "swiss (blitz)"]
[EventRounds "11"]
[EventCountry "USA"]
[SourceTitle "EXT 2024"]
[Source "ChessBase"]
[SourceDate "2023.10.10"]
[SourceVersion "1"]
[SourceVersionDate "2023.10.10"]
[SourceQuality "1"]

1. d4 Nf6 2. Bf4 d5 3. Nf3 c5 4. c3 Nc6 5. e3 Qb6 6. Qb3 c4 7. Qc2 Bf5 8. Qc1 h6 9. Nbd2 e6 10. h3 Qd8 11. Be2 Bd6 12. Ne5 Bxe5 13. Bxe5 Nxe5 14. dxe5 Nd7 15. Nf3 Qc7 16. Nd4 Qxe5 17. f4 Qf6 18. 0-0 Nc5 19. Nxf5 Qxf5 20. Bf3 0-0 21. Qd2 Rad8 22. g4 Qg6 23. Kh2 Nd3 24. Rg1 e5 25. f5 Qc6 26. Rg2 e4 27. Be2 Qd6+ 28. Kh1 g6 29. Rf1 Kh7 30. Bxd3 cxd3 31. Qf2 Qe7 32. Qf4 g5 33. Qf2 f6 34. h4 Kg7 35. Qg3 b5 36. Qh3 b4 37. Rh2 Rh8 0-1

[Event "Titled Tuesday intern op 20th Dec Late"]
[Site "Chess.com INT"]
[Date "2022.12.20"]
[Round "1"]
[White "Piliczewski, Bogusz"]
[Black "Fiorito, Joaquin"]
[Result "0-1"]
[WhiteElo "1873"]
[BlackElo "2328"]
[PlyCount "64"]
[EventDate "2022.12.20"]
[EventType "swiss (blitz)"]
[EventRounds "11"]
[EventCountry "USA"]
[SourceTitle "EXT 2024"]
[Source "ChessBase"]
[SourceDate "2023.10.10"]
[SourceVersion "1"]
[SourceVersionDate "2023.10.10"]
[SourceQuality "1"]

1. d4 Nf6 2. Bf4 d5 3. e3 c5 4. c3 Nc6 5. Nd2 Bf5 6. Ngf3 e6 7. Qb3 Qc8 8. Be2 c4 9. Qa4 a6 10. Qd1 h6 11. 0-0 Be7 12. h3 0-0 13. b3 b5 14. a4 b4 15. Qc1 bxc3 16. Qxc3 Bb4 17. Qc1 c3 18. Nb1 Na5 19. Bd1 c2 20. Bxc2 Bxc2 21. Qb2 Bxb1 22. Raxb1 Qb7 23. Rfc1 Rfc8 24. Ne5 Ne4 25. Nd3 Bc3 26. Qa3 Nd2 27. Nc5 Nxb1 28. Rxb1 Qb4 29. Qxb4 Bxb4 30. Rc1 Bxc5 31. dxc5 Nxb3 32. Rc3 Nxc5 0-1

[Event "Titled Tuesday intern op 20th Dec Late"]
[Site "Chess.com INT"]
[Date "2022.12.20"]
[Round "4"]
[White "Piliczewski, Bogusz"]
[Black "Kirillov, Dmitry1111"]
[Result "0-1"]
[WhiteElo "1873"]
[BlackElo "2200"]
[PlyCount "132"]
[EventDate "2022.12.20"]
[EventType "swiss (blitz)"]
[EventRounds "11"]
[EventCountry "USA"]
[SourceTitle "EXT 2024"]
[Source "ChessBase"]
[SourceDate "2023.10.10"]
[SourceVersion "1"]
[SourceVersionDate "2023.10.10"]
[SourceQuality "1"]

1. d4 d5 2. Nf3 e6 3. c4 c6 4. Nc3 dxc4 5. a4 Bb4 6. e4 b5 7. Be2 Nf6 8. Bg5 h6 9. Bxf6 Qxf6 10. 0-0 Bxc3 11. bxc3 0-0 12. Qb1 a6 13. Ne5 Qe7 14. f4 Qd6 15. g3 Nd7 16. Nxd7 Qxd7 17. e5 Bb7 18. Bf3 Rac8 19. Rd1 Qc7 20. Qe4 Rfd8 21. Rd2 a5 22. axb5 Rd5 23. bxc6 Bxc6 24. Qe2 Bb7 25. Bxd5 Bxd5 26. Rda2 Ra8 27. Qb2 Bc6 28. Rb1 Qd7 29. h4 a4 30. Ra3 Ra7 31. Rba1 Rb7 32. Qf2 Rb3 33. Qc2 Qd5 34. Kh2 Qb5 35. Rxb3 cxb3 36. Qd2 b2 37. Rb1 a3 38. c4 Qxc4 39. Rxb2 axb2 40. Qxb2 Qf1 41. g4 Qxf4+ 42. Kg1 Qxg4+ 43. Kf1 Qxh4 44. Qb8+ Kh7 45. Qc7 Qf4+ 46. Ke1 Qe4+ 47. Kf1 Kg6 48. Qd8 Bb5+ 49. Kf2 Qe2+ 50. Kg3 h5 51. Qh4 Qe3+ 52. Kh2 Qg5 53. Qxg5+ Kxg5 54. Kg3 Kf5 55. Kf3 Bc6+ 56. Ke3 Bd5 57. Kf2 h4 58. Ke3 h3 59. Kf2 h2 60. Kg3 h1Q 61. Kf2 Qf3+ 62. Ke1 Ke4 63. Kd2 Bb3 64. Kc1 Qe2 65. Kb1 Qc2+ 66. Ka1 Qa2# 0-1

[Event "Titled Tuesday intern op 04th Oct Early"]
[Site "Chess.com INT"]
[Date "2022.10.04"]
[Round "10"]
[White "Blokhin, Sofia"]
[Black "Piliczewski, Bogusz"]
[Result "1-0"]
[WhiteElo "2105"]
[BlackElo "1873"]
[PlyCount "53"]
[EventDate "2022.10.04"]
[EventType "swiss (blitz)"]
[EventRounds "11"]
[EventCountry "USA"]
[SourceTitle "EXT 2023"]
[Source "ChessBase"]
[SourceDate "2022.10.05"]
[SourceVersion "1"]
[SourceVersionDate "2022.10.05"]
[SourceQuality "1"]

1. d4 d5 2. c4 c6 3. Nc3 Nf6 4. Bf4 Bf5 5. e3 e6 6. Nf3 Bd6 7. Ne5 0-0 8. cxd5 Nxd5 9. Bd3 Nxf4 10. Bxf5 Bxe5 11. Bxh7+ Kxh7 12. Qc2+ f5 13. dxe5 Nxg2+ 14. Kf1 Nh4 15. Rg1 Nf3 16. Rg3 Nxh2+ 17. Kg2 Ng4 18. Rh1+ Nh6 19. f4 Na6 20. e4 Nb4 21. Qb3 Qd2+ 22. Kh3 Nd3 23. Qxe6 Nf2+ 24. Kg2 Nxh1+ 25. Kxh1 Qxf4 26. Qg6+ Kh8 27. Qxg7# 1-0

[Event "Titled Tuesday intern op 04th Oct Early"]
[Site "Chess.com INT"]
[Date "2022.10.04"]
[Round "3"]
[White "Ovchinnikov, Vsevolod"]
[Black "Piliczewski, Bogusz"]
[Result "1-0"]
[WhiteElo "2426"]
[BlackElo "1873"]
[PlyCount "83"]
[EventDate "2022.10.04"]
[EventType "swiss (blitz)"]
[EventRounds "11"]
[EventCountry "USA"]
[SourceTitle "EXT 2023"]
[Source "ChessBase"]
[SourceDate "2022.10.05"]
[SourceVersion "1"]
[SourceVersionDate "2022.10.05"]
[SourceQuality "1"]

1. Nf3 d5 2. d4 Nf6 3. c4 c6 4. g3 e6 5. Bg2 Nbd7 6. 0-0 Bd6 7. Qc2 0-0 8. Nbd2 Qe7 9. e4 dxe4 10. Nxe4 Nxe4 11. Qxe4 c5 12. Bg5 f6 13. Be3 e5 14. dxe5 Nxe5 15. Nxe5 Bxe5 16. Rad1 Be6 17. b3 Rab8 18. f4 Bg4 19. fxe5 Bxd1 20. Rxd1 Qxe5 21. Qxe5 fxe5 22. Bxc5 Rfd8 23. Bd6 Rbc8 24. Bxb7 Rc7 25. Bd5+ Rf7 26. Bxf7+ Kxf7 27. c5 Ke6 28. Kf2 a5 29. Ke3 g6 30. Ke4 Rd7 31. Rd5 a4 32. Rxe5+ Kf6 33. b4 Rb7 34. a3 Rd7 35. h4 h6 36. g4 Rf7 37. g5+ hxg5 38. hxg5+ Kg7 39. Re7 Rxe7+ 40. Bxe7 Kf7 41. Bf6 Ke6 42. b5 1-0

[Event "Titled Tuesday intern op 04th Oct Early"]
[Site "Chess.com INT"]
[Date "2022.10.04"]
[Round "6"]
[White "Piliczewski, Bogusz"]
[Black "Antonio, Jorge Carlos"]
[Result "1-0"]
[WhiteElo "1873"]
[BlackElo "2277"]
[PlyCount "83"]
[EventDate "2022.10.04"]
[EventType "swiss (blitz)"]
[EventRounds "11"]
[EventCountry "USA"]
[SourceTitle "EXT 2023"]
[Source "ChessBase"]
[SourceDate "2022.10.05"]
[SourceVersion "1"]
[SourceVersionDate "2022.10.05"]
[SourceQuality "1"]

1. d4 d5 2. Bf4 c6 3. e3 Nf6 4. c3 g6 5. Nd2 Bg7 6. Bd3 0-0 7. Ngf3 Bg4 8. h3 Bxf3 9. Nxf3 Nbd7 10. 0-0 Nh5 11. Bh2 f5 12. Ng5 Qb6 13. Ne6 Rf7 14. Rb1 Nhf6 15. Bc7 Nf8 16. Bxb6 Nxe6 17. Ba5 b6 18. Bb4 a5 19. Ba3 Ng5 20. h4 Ne6 21. f3 h6 22. b3 Kh7 23. Bb2 Re8 24. c4 Nh5 25. Qe1 Nc7 26. Rc1 e5 27. dxe5 Bxe5 28. Bxe5 Rxe5 29. Qf2 c5 30. cxd5 Nxd5 31. Bc4 Rfe7 32. Bxd5 Rxd5 33. Rfd1 Rde5 34. Rd3 f4 35. e4 Ng3 36. Rcd1 Rh5 37. Qb2 Rxh4 38. Kf2 g5 39. Rd7 Rxd7 40. Rxd7+ Kg6 41. Qg7+ Kh5 42. Qf7# 1-0

[Event "Titled Tuesday intern op 04th Oct Early"]
[Site "Chess.com INT"]
[Date "2022.10.04"]
[Round "9"]
[White "Piliczewski, Bogusz"]
[Black "Grot, Blazej"]
[Result "0-1"]
[WhiteElo "1873"]
[BlackElo "1839"]
[PlyCount "64"]
[EventDate "2022.10.04"]
[EventType "swiss (blitz)"]
[EventRounds "11"]
[EventCountry "USA"]
[SourceTitle "EXT 2023"]
[Source "ChessBase"]
[SourceDate "2022.10.05"]
[SourceVersion "1"]
[SourceVersionDate "2022.10.05"]
[SourceQuality "1"]

1. d4 Nf6 2. Bf4 e6 3. e3 d5 4. Nf3 c5 5. c3 Nc6 6. Nbd2 Bd6 7. Bg3 Qc7 8. Bd3 0-0 9. dxc5 Bxg3 10. hxg3 h6 11. b4 e5 12. e4 d4 13. Qb3 Rd8 14. Bc4 a5 15. 0-0 a4 16. Qc2 Bg4 17. a3 dxc3 18. Qxc3 Nd4 19. Rfd1 Bxf3 20. gxf3 b5 21. Bd5 Ne2+ 22. Kg2 Nxc3 23. Bxa8 Nxd1 24. Rxd1 Rxa8 25. Nf1 Rd8 26. Rxd8+ Qxd8 27. Ne3 Qd2 28. Nf5 Qc3 29. Nd6 Qxa3 30. Nxb5 Qxb4 31. Nd6 Qxc5 32. Nf5 a3 0-1

[Event "Titled Tuesday intern op 04th Oct Early"]
[Site "Chess.com INT"]
[Date "2022.10.04"]
[Round "8"]
[White "Rios Escobar, Adan"]
[Black "Piliczewski, Bogusz"]
[Result "1-0"]
[WhiteElo "2276"]
[BlackElo "1873"]
[PlyCount "67"]
[EventDate "2022.10.04"]
[EventType "swiss (blitz)"]
[EventRounds "11"]
[EventCountry "USA"]
[SourceTitle "EXT 2023"]
[Source "ChessBase"]
[SourceDate "2022.10.05"]
[SourceVersion "1"]
[SourceVersionDate "2022.10.05"]
[SourceQuality "1"]

1. d4 d5 2. g3 Nf6 3. Nf3 Bf5 4. c4 e6 5. Nc3 c6 6. Nh4 Bg4 7. h3 Bh5 8. g4 Ne4 9. Nxe4 dxe4 10. Qb3 b6 11. gxh5 Qxh4 12. Rg1 Qxh5 13. Be3 g6 14. 0-0-0 Be7 15. d5 exd5 16. cxd5 c5 17. d6 Bf6 18. Qa4+ Nd7 19. Qxe4+ Qe5 20. Qxa8+ Bd8 21. Qd5 0-0 22. Qxe5 Nxe5 23. Bf4 Nc4 24. d7 Bf6 25. Bc7 Bxb2+ 26. Kc2 Bd4 27. Rxd4 cxd4 28. d8Q Rxd8 29. Bxd8 Ne5 30. Bf6 Nc6 31. Bg2 Nb4+ 32. Kb3 a5 33. Rc1 d3 34. Rc8# 1-0

[Event "Titled Tuesday intern op 30th Aug Early"]
[Site "Chess.com INT"]
[Date "2022.08.30"]
[Round "11"]
[White "Piliczewski, Bogusz"]
[Black "Magallanes, Rey Jomar"]
[Result "1-0"]
[WhiteElo "1950"]
[BlackElo "2032"]
[PlyCount "91"]
[EventDate "2022.08.30"]
[EventType "swiss (blitz)"]
[EventRounds "11"]
[EventCountry "USA"]
[SourceTitle "EXT 2023"]
[Source "ChessBase"]
[SourceDate "2022.10.05"]
[SourceVersion "1"]
[SourceVersionDate "2022.10.05"]
[SourceQuality "1"]

1. d4 d5 2. Bf4 Nf6 3. e3 e6 4. Nd2 Bd6 5. Bg3 c5 6. c3 Nc6 7. Ngf3 0-0 8. Bd3 c4 9. Bc2 b5 10. b3 b4 11. cxb4 Bxb4 12. 0-0 c3 13. Nb1 Ba6 14. Bd3 Bxd3 15. Qxd3 Ne4 16. Rc1 Rc8 17. a3 Ba5 18. b4 Bb6 19. Nxc3 f5 20. Rc2 Ne7 21. Rac1 Rc4 22. Ne5 Rc8 23. Na4 Rxc2 24. Rxc2 Bc7 25. Nc5 Nxg3 26. Nxe6 Qd6 27. Nxc7 Ne4 28. Nb5 Qh6 29. Rc7 Qh4 30. g3 Qg5 31. h4 Qh6 32. Rxe7 f4 33. exf4 Rxf4 34. gxf4 g6 35. Re8+ Kg7 36. Re7+ Kg8 37. Re8+ Kg7 38. Qf3 Qxh4 39. Nc7 Nd2 40. Qxd5 Qxf4 41. Ne6+ Kh6 42. Nxf4 Nf3+ 43. Qxf3 a5 44. Qh3+ Kg7 45. Ne6+ Kf6 46. Qf3# 1-0

[Event "Titled Tuesday intern op 23rd Aug Early"]
[Site "Chess.com INT"]
[Date "2022.08.23"]
[Round "6"]
[White "Mrudul, Dehankar"]
[Black "Piliczewski, Bogusz"]
[Result "1-0"]
[WhiteElo "2256"]
[BlackElo "1950"]
[PlyCount "55"]
[EventDate "2022.08.23"]
[EventType "swiss (blitz)"]
[EventRounds "11"]
[EventCountry "USA"]
[SourceTitle "EXT 2023"]
[Source "ChessBase"]
[SourceDate "2022.10.05"]
[SourceVersion "1"]
[SourceVersionDate "2022.10.05"]
[SourceQuality "1"]

1. e4 c5 2. Nf3 Nc6 3. d4 cxd4 4. Nxd4 g6 5. Nc3 Bg7 6. Be3 d6 7. Bc4 Nf6 8. Bb3 0-0 9. f3 a6 10. Qd2 Qc7 11. h4 h5 12. 0-0-0 Ne5 13. Bh6 Nc4 14. Bxc4 Qxc4 15. Bxg7 Kxg7 16. g4 b5 17. Kb1 Be6 18. gxh5 Nxh5 19. Nf5+ Bxf5 20. exf5 Ng3 21. Rhg1 Nxf5 22. h5 Rac8 23. hxg6 fxg6 24. Nd5 e6 25. Qg5 Qxc2+ 26. Ka1 exd5 27. Qxg6+ Kh8 28. Rh1+ 1-0

[Event "Titled Tuesday intern op 23rd Aug Early"]
[Site "Chess.com INT"]
[Date "2022.08.23"]
[Round "11"]
[White "Piliczewski, Bogusz"]
[Black "Vivas Zamora, Fabian Ernesto"]
[Result "0-1"]
[WhiteElo "1950"]
[BlackElo "2340"]
[PlyCount "76"]
[EventDate "2022.08.23"]
[EventType "swiss (blitz)"]
[EventRounds "11"]
[EventCountry "USA"]
[SourceTitle "EXT 2023"]
[Source "ChessBase"]
[SourceDate "2022.10.05"]
[SourceVersion "1"]
[SourceVersionDate "2022.10.05"]
[SourceQuality "1"]

1. c4 Nf6 2. g3 c5 3. Bg2 d5 4. cxd5 Nxd5 5. Nc3 Nc7 6. d3 e5 7. Nf3 Nc6 8. Qa4 Bd7 9. Qb3 Be7 10. h4 0-0 11. Ng5 Nd4 12. Qd1 Bc6 13. 0-0 Bxg2 14. Kxg2 h6 15. Nge4 f5 16. Nd2 b5 17. e3 Nde6 18. Nf3 b4 19. Ne2 Qd5 20. d4 cxd4 21. exd4 e4 22. Ne5 Rad8 23. Ng6 Bf6 24. Nxf8 Rxf8 25. Be3 f4 26. Nxf4 Nxf4+ 27. Bxf4 e3+ 28. f3 Qe6 29. Re1 Nd5 30. Be5 Bxe5 31. dxe5 Qxe5 32. Qd3 Qxb2+ 33. Re2 Nf4+ 34. gxf4 Qxa1 35. Qd5+ Kh8 36. Rxe3 Qf6 37. Qe5 Qxf4 38. Qxf4 Rxf4 0-1

[Event "Ustron op-B"]
[Site "Ustron"]
[Date "2022.08.20"]
[Round "9"]
[White "Piliczewski, Bogusz"]
[Black "Olchowy, Tadeusz"]
[Result "1-0"]
[WhiteElo "1950"]
[BlackElo "1980"]
[PlyCount "101"]
[EventDate "2022.08.12"]
[EventType "swiss"]
[EventRounds "9"]
[EventCountry "POL"]
[SourceTitle "CBM 209 Extra"]
[Source "ChessBase"]
[SourceDate "2022.09.30"]
[SourceVersion "1"]
[SourceVersionDate "2022.09.30"]
[SourceQuality "1"]

1. d4 d6 2. Bf4 Nf6 3. Nc3 h6 4. e4 Nc6 5. e5 Nd7 6. e6 Nf6 7. d5 Nb8 8. Bc4 g5 9. exf7+ Kxf7 10. Be3 Bg7 11. Nge2 Nbd7 12. f4 g4 13. 0-0 Nb6 14. Bxb6 axb6 15. Nd4 Kg8 16. Qd3 Bd7 17. Rae1 Kf7 18. f5 Qg8 19. Nce2 Nh5 20. Ne6 Rc8 21. N2f4 Nxf4 22. Nxf4 Bf6 23. Ng6 Rh7 24. Qe4 Re8 25. Bd3 h5 26. c3 Kg7 27. Re2 Kh6 28. h3 Kg7 29. hxg4 hxg4 30. Qxg4 Kf7 31. Rf4 Rg7 32. Qf3 Qh7 33. g4 Kg8 34. Rh2 Qxh2+ 35. Kxh2 Rh7+ 36. Kg2 Kf7 37. Qe2 Rg8 38. Rf3 Ke8 39. Rh3 Rhg7 40. Rh8 Rxg6 41. Rxg8+ Rxg8 42. Kf3 Rh8 43. Ke4 Be5 44. Qf3 c6 45. c4 Bxb2 46. Be2 Be5 47. Kd3 Rh2 48. Ke4 b5 49. Bd3 Rxa2 50. Qf1 b4 51. g5 1-0

[Event "Ustron op-B"]
[Site "Ustron"]
[Date "2022.08.14"]
[Round "3"]
[White "Piliczewski, Bogusz"]
[Black "Kaliszuk, Kamil"]
[Result "1/2-1/2"]
[WhiteElo "1950"]
[BlackElo "2121"]
[PlyCount "122"]
[EventDate "2022.08.12"]
[EventType "swiss"]
[EventRounds "9"]
[EventCountry "POL"]
[SourceTitle "CBM 209 Extra"]
[Source "ChessBase"]
[SourceDate "2022.09.30"]
[SourceVersion "1"]
[SourceVersionDate "2022.09.30"]
[SourceQuality "1"]

1. d4 d5 2. Bf4 Nf6 3. e3 c5 4. c3 Nc6 5. Bd3 e6 6. Nd2 Be7 7. Ngf3 Nh5 8. dxc5 Bxc5 9. Bg5 f6 10. Nd4 g6 11. Bh4 0-0 12. Nxc6 bxc6 13. g4 Ng7 14. Qe2 e5 15. e4 Be6 16. h3 Rb8 17. b3 Qc7 18. Bg3 Bd6 19. 0-0 f5 20. f3 h5 21. Rae1 dxe4 22. Bc4 e3 23. Bxe6+ Nxe6 24. Nc4 Rbd8 25. Nxd6 Qxd6 26. Qxe3 f4 27. Qxe5 Qxe5 28. Rxe5 Kf7 29. Rfe1 Rfe8 30. Bf2 hxg4 31. hxg4 Rd3 32. Kg2 Rxc3 33. Bxa7 Nc7 34. Rxe8 Nxe8 35. Re2 Nc7 36. Bd4 Rd3 37. Be5 Nd5 38. Kf2 g5 39. Bb2 Ne3 40. Bc1 Nd1+ 41. Kg2 Nc3 42. Rc2 Ke7 43. Ba3+ Kd7 44. Bb4 Nd5 45. Bd2 Nc7 46. Bc1 Nd5 47. Rd2 Rc3 48. Bb2 Rc5 49. Kf2 Ke6 50. Ke2 Ra5 51. a4 Ra8 52. Kd3 Rb8 53. Kc4 Ne3+ 54. Kc3 Nd5+ 55. Kc4 Rb4+ 56. Kc5 Rxb3 57. Kxc6 Nb4+ 58. Kc7 Nd5+ 59. Kc6 Nb4+ 60. Kc7 Nd5+ 61. Kc6 Nb4+ 1/2-1/2

[Event "Titled Tuesday intern op 12th Jul Early"]
[Site "Chess.com INT"]
[Date "2022.07.12"]
[Round "3"]
[White "Fernandez Siles, Luis"]
[Black "Piliczewski, Bogusz"]
[Result "1-0"]
[WhiteElo "2220"]
[BlackElo "1950"]
[PlyCount "115"]
[EventDate "2022.07.12"]
[EventType "swiss (blitz)"]
[EventRounds "11"]
[EventCountry "USA"]
[SourceTitle "EXT 2023"]
[Source "ChessBase"]
[SourceDate "2022.10.05"]
[SourceVersion "1"]
[SourceVersionDate "2022.10.05"]
[SourceQuality "1"]

1. e4 c6 2. d4 d5 3. exd5 cxd5 4. c4 Nf6 5. Nc3 Nc6 6. Bg5 Ne4 7. Nxe4 dxe4 8. d5 Ne5 9. Qd4 Nd3+ 10. Bxd3 exd3 11. Qxd3 g6 12. Qd4 f6 13. h4 Bg7 14. h5 e5 15. Qd3 fxg5 16. hxg6 e4 17. Qxe4+ Qe7 18. Qxe7+ Kxe7 19. 0-0-0 hxg6 20. Rxh8 Bxh8 21. Nf3 Bf6 22. c5 Bg4 23. Re1+ Kd7 24. Ne5+ Bxe5 25. Rxe5 Bf5 26. f3 Re8 27. c6+ bxc6 28. dxc6+ Kd8 29. Ra5 Re7 30. g4 Bc8 31. Rxg5 Rg7 32. b4 Kc7 33. b5 a6 34. a4 axb5 35. axb5 Be6 36. Kd2 Bc4 37. Kc3 Be2 38. f4 Bxb5 39. Rxb5 Kxc6 40. Rg5 Kd6 41. Kd4 Ke6 42. Ke4 Kf6 43. Re5 Ra7 44. g5+ Kf7 45. Rd5 Ra4+ 46. Ke5 Ra7 47. Rc5 Re7+ 48. Kd4 Rd7+ 49. Rd5 Re7 50. Re5 Rd7+ 51. Ke4 Ra7 52. Kf3 Rd7 53. Kg4 Ra7 54. Re1 Rb7 55. Rc1 Rd7 56. Rb1 Rc7 57. Rh1 Kg7 58. Kf3 1-0

[Event "Titled Tuesday intern op 12th Jul Early"]
[Site "Chess.com INT"]
[Date "2022.07.12"]
[Round "5"]
[White "Langner, Ladislav"]
[Black "Piliczewski, Bogusz"]
[Result "1-0"]
[WhiteElo "2367"]
[BlackElo "1950"]
[PlyCount "69"]
[EventDate "2022.07.12"]
[EventType "swiss (blitz)"]
[EventRounds "11"]
[EventCountry "USA"]
[SourceTitle "EXT 2023"]
[Source "ChessBase"]
[SourceDate "2022.10.05"]
[SourceVersion "1"]
[SourceVersionDate "2022.10.05"]
[SourceQuality "1"]

1. e4 c6 2. d4 d5 3. e5 c5 4. dxc5 e6 5. Be3 Nd7 6. Nf3 Bxc5 7. Qd2 Qb6 8. Bxc5 Nxc5 9. Qd4 Bd7 10. Nbd2 Ne7 11. Nb3 Nxb3 12. axb3 Qxd4 13. Nxd4 a6 14. f4 g5 15. fxg5 Ng6 16. Nf3 Rc8 17. c3 0-0 18. h4 Nf4 19. g3 Nh5 20. Kf2 Kg7 21. g4 Nf4 22. Kg3 Ng6 23. h5 Ne7 24. Bd3 Nc6 25. Rae1 Na7 26. Nd4 Bb5 27. Bb1 Nc6 28. Nxc6 Rxc6 29. Rh2 a5 30. Rf2 a4 31. bxa4 Bxa4 32. Rf6 Bb3 33. g6 hxg6 34. hxg6 fxg6 35. Rxg6+ 1-0

[Event "Titled Tuesday intern op 12th Jul Early"]
[Site "Chess.com INT"]
[Date "2022.07.12"]
[Round "2"]
[White "Piliczewski, Bogusz"]
[Black "Omariev, Maksim"]
[Result "0-1"]
[WhiteElo "1950"]
[BlackElo "2304"]
[PlyCount "52"]
[EventDate "2022.07.12"]
[EventType "swiss (blitz)"]
[EventRounds "11"]
[EventCountry "USA"]
[SourceTitle "EXT 2023"]
[Source "ChessBase"]
[SourceDate "2022.10.05"]
[SourceVersion "1"]
[SourceVersionDate "2022.10.05"]
[SourceQuality "1"]

1. d4 d5 2. Nf3 Nf6 3. Bf4 c6 4. e3 Qb6 5. Qc1 Bf5 6. c3 e6 7. Nbd2 Nbd7 8. Be2 Nh5 9. Bg5 h6 10. Bh4 g5 11. Ne5 Nxe5 12. dxe5 gxh4 13. Bxh5 Rg8 14. Bf3 Bg7 15. e4 Bh7 16. exd5 cxd5 17. 0-0 Bxe5 18. Re1 Qd6 19. h3 0-0-0 20. c4 Kb8 21. cxd5 exd5 22. Qd1 Bf5 23. Kh1 Bxb2 24. Qb3 Bxa1 25. Rxa1 Rge8 26. Nc4 Qc7 0-1

[Event "Titled Tuesday intern op 12th Jul Early"]
[Site "Chess.com INT"]
[Date "2022.07.12"]
[Round "9"]
[White "Piliczewski, Bogusz"]
[Black "Tinmaz, Kerem"]
[Result "0-1"]
[WhiteElo "1950"]
[BlackElo "2325"]
[PlyCount "68"]
[EventDate "2022.07.12"]
[EventType "swiss (blitz)"]
[EventRounds "11"]
[EventCountry "USA"]
[SourceTitle "EXT 2023"]
[Source "ChessBase"]
[SourceDate "2022.10.05"]
[SourceVersion "1"]
[SourceVersionDate "2022.10.05"]
[SourceQuality "1"]

1. d4 d5 2. Nf3 Nf6 3. Bf4 Bf5 4. e3 e6 5. h3 Bd6 6. Ne5 0-0 7. Nd2 Nfd7 8. Bd3 Bxd3 9. Nxd3 Bxf4 10. Nxf4 c5 11. c3 Nc6 12. Qg4 Nf6 13. Qg3 Qb6 14. 0-0-0 a5 15. h4 a4 16. a3 Na5 17. h5 h6 18. Qh4 Rfc8 19. Kb1 Nb3 20. g4 Ra5 21. g5 hxg5 22. Qxg5 Nxd2+ 23. Rxd2 Ne4 24. Qg2 Nxd2+ 25. Kc2 Nc4 26. Nd3 Qb3+ 27. Kc1 Nxa3 28. f4 cxd4 29. Rg1 Rxc3+ 30. bxc3 Qxc3+ 31. Kd1 Qxd3+ 32. Ke1 Nc2+ 33. Kf2 Qxe3+ 34. Kf1 Qe1# 0-1